Geology and ore deposits of the Tintic mining district, Utah (Record no. 25907)

MARC details
000 -LEADER
fixed length control field 01177cam a22002891 4500
001 - CONTROL NUMBER
control field gs 19000070
003 - CONTROL NUMBER IDENTIFIER
control field DLC
005 - DATE AND TIME OF LATEST TRANSACTION
control field 20260227111323.0
008 - FIXED-LENGTH DATA ELEMENTS--GENERAL INFORMATION
fixed length control field 770328s1919 xx a f000 0 eng
010 ## - LIBRARY OF CONGRESS CONTROL NUMBER
LC control number gs 19000070
035 ## - SYSTEM CONTROL NUMBER
System control number (OCoLC)2841875
040 ## - CATALOGING SOURCE
Original cataloging agency DLC
Transcribing agency NUtSU
Modifying agency DLC
042 ## - AUTHENTICATION CODE
Authentication code premarc
050 00 - LIBRARY OF CONGRESS CALL NUMBER
Classification number QE75
Item number .P9 no. 107
051 ## - LIBRARY OF CONGRESS COPY, ISSUE, OFFPRINT STATEMENT
Classification number TN24.U8
Item number L7
Copy information Copy 2.
100 1# - MAIN ENTRY--PERSONAL NAME
Personal name Lindgren, Waldemar,
Dates associated with a name 1860-1939.
245 10 - TITLE STATEMENT
Title Geology and ore deposits of the Tintic mining district, Utah
Remainder of title by Waldemar Lindgren and G. F. Loughlin,
Statement of responsibility, etc. with a historical review by V. C. Heikes.
260 ## - PUBLICATION, DISTRIBUTION, ETC.
Place of publication, distribution, etc. Washington,
Name of publisher, distributor, etc. Govt. Print. Off.,
Date of publication, distribution, etc. 1919.
300 ## - PHYSICAL DESCRIPTION
Extent 282 p.
Other physical details illus., XXXIX pl. (part col., part fold.; incl. maps, plan, profiles, diagrs.) on 28 leaves; fold. table
Dimensions 29 cm.
490 0# - SERIES STATEMENT
Series statement U. S. Geological Survey. Professional paper 107.
500 ## - GENERAL NOTE
General note At head of title: Department of the Interior.
500 ## - GENERAL NOTE
General note Three maps, plan, 2 profiles and diagram in pocket.
650 #0 - SUBJECT ADDED ENTRY--TOPICAL TERM
Topical term or geographic name entry element Geology
Geographic subdivision Utah.
650 #0 - SUBJECT ADDED ENTRY--TOPICAL TERM
Topical term or geographic name entry element Mines and mineral resources
Geographic subdivision Utah.
700 1# - ADDED ENTRY--PERSONAL NAME
Personal name Loughlin, G. F.
Fuller form of name (Gerald Francis),
Dates associated with a name 1880-1946,
Relator term joint author.
700 1# - ADDED ENTRY--PERSONAL NAME
Personal name Heikes, V. C.
Fuller form of name (Victor Conrad),
Dates associated with a name 1867-

No items available.

Powered by Koha